How to Make Animated Films (Record no. 3041)

000 -LEADER
fixed length control field 00263ngm a2200109Ia 4500
008 - FIXED-LENGTH DATA ELEMENTS--GENERAL INFORMATION
fixed length control field 180904s9999||||xx ||| | || ||und||
082 ## - DEWEY DECIMAL CLASSIFICATION NUMBER
Classification number 070
Item number WHI/H
100 ## - MAIN ENTRY--PERSONAL NAME
Personal name White, Tony
245 #0 - TITLE STATEMENT
Title How to Make Animated Films
260 ## - PUBLICATION, DISTRIBUTION, ETC.
Place of publication, distribution, etc. New yark
Name of publisher, distributor, etc. Focal Press
942 ## - ADDED ENTRY ELEMENTS (KOHA)
Koha item type DVD Library
Holdings
Withdrawn status Lost status Damaged status Not for loan Collection code Permanent Location Current Location Date acquired Cost, normal purchase price Barcode Date last seen Price effective from Koha item type
        School of Animation (Noida) MUIT-NOIDA MUIT-NOIDA 2018-09-04 4464.00 DVD00073 2018-09-04 2018-09-04 DVD Library

All Rights Reserved@MUIT

Powered by Koha